Central Library OPAC University of Rajshahi

Crime and justice administration / (Record no. 5863)

MARC details
000 -LEADER
fixed length control field 00746cam a2200265 i 4500
001 - CONTROL NUMBER
control field 5863
003 - CONTROL NUMBER IDENTIFIER
rucl marc code BD-RjUL
005 - DATE AND TIME OF LATEST TRANSACTION
control field 20211208234137.0
008 - FIXED-LENGTH DATA ELEMENTS--GENERAL INFORMATION
fixed length control field 140107s1976 pau b 001 0 eng
020 ## - INTERNATIONAL STANDARD BOOK NUMBER
International Standard Book Number 0397473443
035 ## - SYSTEM CONTROL NUMBER
System control number (BD-RjUL)5902
040 ## - CATALOGING SOURCE
Original cataloging agency DLC
Transcribing agency DLC
Modifying agency DLC
-- BD-RjUL
Language of cataloging eng
041 ## - LANGUAGE CODE
Language code of text/sound track or separate title eng
082 00 - DEWEY DECIMAL CLASSIFICATION NUMBER
Classification number 364
Author mark and year COC 1976
100 1# - MAIN ENTRY--PERSONAL NAME
Personal name Cohn, Alvin W.
9 (RLIN) 18407
245 10 - TITLE STATEMENT
Title Crime and justice administration /
Statement of responsibility, etc. Alvin W. Cohn.
260 ## - PUBLICATION, DISTRIBUTION, ETC. (IMPRINT)
Place of publication, distribution, etc. Philadelphia :
Name of publisher, distributor, etc. Lippincott,
Date of publication, distribution, etc. c1976.
300 ## - PHYSICAL DESCRIPTION
Pagination xi, 452 p. ;
Size 24 cm.
504 ## - BIBLIOGRAPHY, ETC. NOTE
Bibliography, etc Includes bibliographies and indexes.
650 #0 - SUBJECT ADDED ENTRY--TOPICAL TERM
Topical term or geographic name as entry element Criminology.
9 (RLIN) 18408
Topical term or geographic name as entry element Criminal justice, Administration of.
9 (RLIN) 18409
942 ## - ADDED ENTRY ELEMENTS (KOHA)
Source of classification or shelving scheme Dewey Decimal Classification
Koha item type Books
Holdings
Lost status Source of classification or shelving scheme Damaged status Not for loan Collection code Permanent Location Current Location Shelving location Date acquired Source of acquisition Total Checkouts Full call number Date last seen Copy number Koha item type
  Dewey Decimal Classification   Not For Loan Non-fiction Central Library, University of Rajshahi Central Library, University of Rajshahi   29/03/1977 Lions int.   364 COC 1976 07/01/2014 C-1 Books